Impuestos y registro de la propiedad

Detalles Bibliográficos
Autor principal: Lp̤ez Espadafor, Carlos Mara̕
Otros Autores: Jimňez Rubio, Mara̕ Del Rosario
Formato: eBook
Lenguaje:español
Publicado: Madrid: Dykinson, 2021
Materias:
Acceso en línea:Acceso restringido

MARC

LEADER 00000nam a22000007a 4500
005 20210823132642.0
007 cr|||| ||||
008 210823s2021 es |||||s|||| 00||0 spa d
020 |a 978-84-1377-337-7 
035 |a 33541 
040 |a vLex 
090 |c 12114  |d 12114 
100 1 |a Lp̤ez Espadafor, Carlos Mara̕ 
245 1 0 |a  Impuestos y registro de la propiedad  |h [Recurso electrn̤ico] /  |c Carlos Mara̕ Lp̤ez Espadafor, Mara̕ Del Rosario Jimňez Rubio 
256 |a Servicio en ln̕ea 
260 |a Madrid:  |b Dykinson,  |c 2021 
300 |a 1 recurso electrn̤ico 
500 |a …Nada garantiza mejor una adecuada gestin̤ de estos impuestos que la actuacin̤ de los registradores al frente de las oficinas liquidadoras, actuando con la imparcialidad propia de su funcin̤ y bajo los estrictos criterios tčnicos e instrucciones dictadas por la administracin̤ tributaria a la que sirven y en la cual se integran, sin ningn︢ condicionamiento o interš previo ni de parte …Los experimentos de protagonismo polt̕ico desarrollados en algunas Comunidades Autn̤omas, carentes de unas ln̕eas dogmt̀icas y de buena tčnica normativa, rompiendo con unos esquemas jurd̕icos consolidados, alejǹdose de un sistema que se ha demostrado durante dčadas como el modelo de gestin̤ y liquidacin̤ tributaria ms̀ eficiente, no sl̤o ha provocado un desorden en dicha gestin̤ ante el contribuyente, sino tambiň una přdida de recaudacin̤, con un incremento adicional de costes de gestin̤ administrativa y liquidacin̤ tributaria. En unos tiempos como los que estamos viviendo, de una crisis econm̤ica de evolucin̤ ms̀ que incierta por la situacin̤ global tan particular que travesamos, se impone una necesaria vuelta a la cordura de los legisladores autonm̤icos, recuperando el sistema tradicional de las OLDH, ajustǹdose as,̕ al mismo tiempo, de una forma ms̀ fiel, a los mandatos constitucionales… 
506 1 |a Disponible solo en los productos indicados  |d vLex Global  |d vLex Global (Academic Edition, excluding Law Schools)  |d vLex Global (U.S. Academic Edition, Law Schools)  |d vLex Global (U.S. Academic Edition, excluding Law Schools)  |d vLex Global (Academic Edition, Law Schools) 
650 0 4 |a Obligaciones y Contratos  |z Espaą 
650 0 4 |a Derecho Tributario  |z Espaą 
650 0 4 |a Financiero  |z Espaą 
700 1 |a Jimňez Rubio, Mara̕ Del Rosario 
740 0 |a vLex Libros (Servicio en ln̕ea) 
856 4 0 |u https://app.vlex.com/#/sources/33541  |z Acceso restringido 
942 |c BOOK 
999 0 |a Obligations and Contracts 
999 0 |a Tax Law 
999 0 |a Financial